Statistics for States That Beat Maine

Click here to take the quiz!

General Stats

  • This quiz has been taken 148 times
    (106 since last reset)
  • The average score is 12 of 13

Answer Stats

RankCategoryAnswer% Correct
7Largest Island by AreaHawaii | Alaska | New York | Texas | Michigan | Washington
100%
9Least PopulatedWyoming | Vermont | Alaska | North Dakota | South Dakota | Delaware | Rhode Island | Montana
99%
4Coldest Average TemperatureAlaska | North Dakota | Minnesota
97%
4Closest State Capital to CanadaAlaska | Vermont | Michigan
96%
10Oldest National ParkWyoming | Washington | Oregon | South Dakota | Montana | Colorado | Hawaii | California | Alaska
96%
9Fewest Counties or County-EquivalentsDelaware | Hawaii | Rhode Island | Connecticut | New Hampshire | Massachusetts | Vermont | Arizona
94%
3Longest Canadian BorderAlaska | Michigan
91%
3Fewest State BordersHawaii | Alaska
88%
4Highest Personal Income TaxNew York | Hawaii | Vermont
83%
5Most Recent Date of Admission East of the Mississippi RiverWest Virginia | Wisconsin | Florida | Michigan
83%
4Lowest % ReligiousVermont | New Hampshire | Massachusetts
78%
3Most LighthousesMichigan | Massachusetts
77%
2Highest % French-Speaking County or County EquivalentLouisiana
69%

Score Distribution

Percentile by Number Answered

Percent of People with Each Score

Your Score History

You have not taken this quiz since the last reset